Popis rizikového kapitálu na Slovensku a v ostatných krajinách V4 v rokoch 1999-2008

Rizikový kapitál - vymedzenie pojmu. Alternatívne financovanie MSP na Slovensku. Klasifikácia typov investícií rizikového kapitálu. Porovnanie vývoja rizikového kapitálu na Slovensku a v ostatných krajinách V4 v rokoch 1999-2008. Porovnanie vývoja HDP a rizikového kapitálu na Slovensku v rokoch 1999...

Ausführliche Beschreibung

Gespeichert in:
Bibliographische Detailangaben
1. Verfasser: Závadská, Katarína
Weitere Verfasser: Závadský, Cyril, 1971-
Format: Buchkapitel
Sprache:Slowakisch
Schlagworte:
Tags: Tag hinzufügen
Keine Tags, Fügen Sie das erste Tag hinzu!

MARC

LEADER 00000nla$a2200000$$$4500
001 0105496
005 20240712094233.1
041 0 |a slo 
044 |a SK 
245 1 0 |a Popis rizikového kapitálu na Slovensku a v ostatných krajinách V4 v rokoch 1999-2008  |c Katarína Závadská, Cyril Závadský 
520 |a Rizikový kapitál - vymedzenie pojmu. Alternatívne financovanie MSP na Slovensku. Klasifikácia typov investícií rizikového kapitálu. Porovnanie vývoja rizikového kapitálu na Slovensku a v ostatných krajinách V4 v rokoch 1999-2008. Porovnanie vývoja HDP a rizikového kapitálu na Slovensku v rokoch 1999-2008. 
610 2 0 |a podnik malý 
610 2 0 |a podnik stredný 
610 2 0 |a financovanie 
610 2 0 |a investície alternatívne 
610 2 0 |a kapitál rizikový 
610 2 0 |a Slovensko 
610 2 0 |a Vyšehradská štvorka 
610 2 0 |a porovnanie medzinárodné 
100 1 |a Závadská, Katarína 
700 1 |a Závadský, Cyril, 1971-